|
|
|
|
| LEADER |
00000nas a22000007a 4500 |
| 001 |
ssj0011187 |
| 003 |
WaSeSS |
| 005 |
20200512172242.0 |
| 006 |
m d |
| 007 |
cr n |
| 008 |
010622c19989999iluer ss 0 a0eng c |
| 010 |
|
|
|a 2005215772
|
| 022 |
|
|
|a 1558-2957
|l 0032-082X
|y 0032-082X
|
| 035 |
|
|
|a (WaSeSS)ssj0011187
|
| 037 |
|
|
|b Plant Engineering, 2000 Clearwater Dr., Oak Book, ILK 60523
|
| 040 |
|
|
|a MNR
|b eng
|c MNR
|d OCLCQ
|d NSD
|d OCLCQ
|d OCLCO
|d OCLCQ
|d OCLCF
|d OCLCO
|d VT2
|d OCL
|d WaSeSS
|
| 042 |
|
|
|a pcc
|a nsdp
|
| 082 |
1 |
0 |
|a 658
|2 13
|
| 130 |
0 |
|
|a Plant engineering (Online)
|
| 222 |
|
0 |
|a Plant engineering
|b (Online)
|
| 245 |
1 |
0 |
|a Plant engineering
|h [electronic resource] /
|c Reed Business Information.
|
| 260 |
|
|
|a Oak Brook, IL :
|b Reed Business Information
|
| 362 |
0 |
|
|a Issue 1 (Jan. 1, 1998)-
|
| 500 |
|
|
|a Title from title screen (viewed Sept. 23, 2005).
|
| 506 |
|
|
|a License restrictions may limit access.
|
| 538 |
|
|
|a Mode of access: World Wide Web.
|
| 588 |
|
|
|a Latest issue consulted: Issue 9 (Sept. 1, 2005) (viewed Sept. 23, 2005).
|
| 650 |
|
0 |
|a Plant engineering
|v Periodicals
|x Computer network resources.
|
| 650 |
|
0 |
|a Plant maintenance
|v Periodicals
|x Computer network resources.
|
| 650 |
|
7 |
|a Plant engineering.
|2 fast
|0 (OCoLC)fst01065431
|
| 650 |
|
7 |
|a Plant maintenance.
|2 fast
|0 (OCoLC)fst01065522
|
| 655 |
|
0 |
|a Electronic journals.
|
| 776 |
1 |
|
|t Plant engineering
|x 0032-082X
|w (DLC) 49025407
|w (OCoLC)1587601
|
| 856 |
4 |
0 |
|z Full text available from Research Library: 06/01/1996 to present
|u https://search.proquest.com/publication/25050
|